000 01069nam a2200301 a 4500
001 000007040
003 DO-SdBNP
005 20250509134000.0
008 090904s2002 pr r 000 0 spa d
020 _a1881715760
040 _aDO-SdBNP
_bspa
_cBNPHU
082 _a371.9046
_bT693e
100 1 _aTorres Medrano, Luis M.
_919550
245 1 0 _aEstrategias de intervención para la inclusión /
_cLuis M. Torres Medrano ; corrección Carmen Turull.
260 _aSan Juan ,
_aPuerto Rico :
_bIsla Negra,
_c2002.
300 _a376 p. :
_bil. ;
_c22 cm.
490 1 _aAcademia contemporánea
490 1 _aEl derecho a la inclusión
504 _aBibliografía : p. 368-376
650 4 _aEducación especial
_zPuerto Rico
_919551
650 4 _aIntegración a la educación regular
_zPuerto Rico
_919552
650 0 _aEducación inclusiva
_zPuerto Rico
_985273
700 1 _aTurull, Carmen
_919554
830 0 _aAcademia contemporánea
_917694
830 3 _aEl Derecho a la Inclusión
_919555
910 _aValidado. Control de calidad. MMOLINA
942 _2ddc
_cLBS1
999 _c6823
_d6823